Online Catalogue and eLibrary

WOMEN CLAIMING RIGHTS AND SPACES (Record no. 5841)

MARC details
000 -LEADER
fixed length control field 00479nam a2200169Ia 4500
005 - DATE AND TIME OF LATEST TRANSACTION
control field 20240530072044.0
008 - FIXED-LENGTH DATA ELEMENTS--GENERAL INFORMATION
fixed length control field 240331s9999 xx 000 0 und d
020 ## - INTERNATIONAL STANDARD BOOK NUMBER
ISBN 9789556250497
082 ## - DDC Classification
Class No. 340.59
100 ## - MAIN ENTRY--PERSONAL NAME
Personal name MWRAF
245 #0 - TITLE STATEMENT
Title WOMEN CLAIMING RIGHTS AND SPACES
Remainder of title Activism to Reform Muslim Personal Law in Sri Lanka
260 ## - PUBLICATION, DISTRIBUTION, ETC.
Place of publication, distribution, etc. Colombo
Name of publisher, distributor, etc. Muslim Women's Research And Action Forum
Date of publication, distribution, etc. 2014
300 ## - PHYSICAL DESCRIPTION
Extent (e.g. Volumes, Pages etc.) xiii, 117 p .,
650 ## - SUBJECT ADDED ENTRY--TOPICAL TERM
Topical term or geographic name entry element Law
650 ## - SUBJECT ADDED ENTRY--TOPICAL TERM
Topical term or geographic name entry element Political
942 ## - Koha item type (Biblio)
Koha item type Books in Stacks (Lending)
Holdings
Lost status Damaged status Collection code Home library Current library Shelving location Date acquired Accession Number Item type
    Lending WERC Library WERC Library Social Science Cupboard 03/31/2024 6850 Books in Stacks (Lending)

© WERC Library